Stadien Südwestdeutschlands - Statistiken

Allgemein
  • Dieses Quiz wurde 145 mal gespielt
  • Das Durchschnittsergebnis liegt bei 13 aus 20
Antwortstatistiken
Hint Antwort % Korrekt
Fritz-Walter-Stadion 1. FC Kaiserslautern
93%
Waldstadion (Deutsche Bank Park) Eintracht Frankfurt
91%
Wildparkstadion Karlsruher SC
84%
Stadion am Böllenfalltor SV Darmstadt 98
80%
Rhein-Neckar-Arena TSG 1899 Hoffenheim
73%
Bruchwegstadion FSV Mainz 05
70%
Carl-Benz-Stadion SV Waldhof Mannheim
70%
Donaustadion SSV Ulm 1846
69%
Moselstadion Eintracht Trier
66%
Stadion am Bieberer Berg Kickers Offenbach
66%
Ludwigsparkstadion 1. FC Saarbrücken
63%
Dreisamstadion SC Freiburg
63%
Neckarstadion VfB Stuttgart
60%
Hardtwaldstadion SV Sandhausen
56%
Albstadion FC Heidenheim
51%
Stadion am Bornheimer Hang FSV Frankfurt
48%
Waldau-Stadion Stuttgarter Kickers
47%
Ostalb Arena VfR Aalen
47%
Waldstadion Kaiserlinde SV Elversberg
39%
Auestadion KSV Hessen Kassel
28%
Keine übereinstimmenden Quizze gefunden
Verteilung der Resultate
Anzahl Personen mit jedem Resultat
Perzentil nach korrekt beantworteten Fragen
Ihre Resultats-Entwicklung
Sie haben dieses Quiz noch nicht gespielt